Women Imagine Change (Record no. 9520)

MARC details
000 -LEADER
fixed length control field 00648nam a2200241 a 4500
020 ## - INTERNATIONAL STANDARD BOOK NUMBER
ISBN 0415317
082 00 - DEWEY DECIMAL CLASSIFICATION NUMBER
Classification number 305.40722
Author Cutter DEL
100 ## - MAIN ENTRY--AUTHOR NAME
Author name Delamotte, Eugenia
245 ## - TITLE STATEMENT
Title Women Imagine Change
Sub title A Global Anthology of Women`s Resistance
260 ## - PUBLICATION, DISTRIBUTION, ETC. (IMPRINT)
Place of publication London
Name of publisher Routledge Chapman Hall
Year of publication 1997
500 ## - GENERAL NOTE
General note includes index and biblioraphy
505 2# - FORMATTED CONTENTS NOTE
Formatted contents note Index
650 ## - SUBJECT ADDED ENTRY--TOPICAL TERM
Topical Term Women-Historiography
942 ## - ADDED ENTRY ELEMENTS (KOHA)
Koha item type Books
700 1# -
-- Natania Meeker
700 1# -
-- Obarr, Jean
Holdings
Collection code Home library Current library Date acquired Cost, normal purchase price Full call number Accession Number Koha item type
  Henry Martyn Institute Library Henry Martyn Institute Library 03/21/2007 16.99 305.40722 DEL 019376 Books
                   Copyright © 2026 | Henry Martyn Institute | Hyderabad | TS-500052 | INDIA | Implemented by hmi.edu.in
Hit-Count:

Powered by Koha